000 005690000a22002170004500
003 LK-CoMWRAF
005 20230914152009.0
008 230817t2000 ||||| |||| 00| 0 eng d
020 _a8172311842
040 _aLK-CoMWRAF
_dLK-CoMWRAF
_eLK-CoMWRAF
041 _aeng
082 _a297.55
_bHAJ
245 _aHajj and Umra
260 _bAbdul Moin
_aNew Delhi
_c1997
300 _ap.67
650 _aIslamic Pilgramage
650 _aReligion - Islam - Prayers
700 _aQuadri, Maulana Syed Mantakhabul
_ecomp.
700 _aHashmi, Y. A.
_etrans.
942 _cBK
999 _c897
_d897